Catalog

Record Details

Catalog Search



Old Testament theology in outline = = Grundriss der alttestamentlichen Theologie Cover Image Book Book

Old Testament theology in outline = = Grundriss der alttestamentlichen Theologie by Walther Zimmerli

Zimmerli, Walther (Author).

Record details

  • ISBN: 0-567-22353-1
  • Physical Description: 258 p.
  • Publisher: Edinburgh T. and T. Clark 1987

Available copies

  • 1 of 1 copy available at Common Catalog SPOK.

Holds

  • 0 current holds with 1 total copy.
Show Only Available Copies
Location Call Number / Copy Notes Barcode Shelving Location Status Due Date
ETS Library 230.0411 424470006611 Volný výběr Available -

LDR 00696nam a2 00241
00135043
003CZ-PrJAB
00520040121000000.0
008011210s1987 xxu e |||| |eng
009us
020 . ‡a0-567-22353-1
035 . ‡a(CONS)6740
035 . ‡aKPS10380
040 . ‡aABG450
041 . ‡aeng
08214. ‡a230.0411
100 . ‡71875 ‡aZimmerli, Walther
245 . ‡aOld Testament theology in outline = ‡b= Grundriss der alttestamentlichen Theologie ‡cby Walther Zimmerli
260 . ‡aEdinburgh ‡bT. and T. Clark ‡c1987
300 . ‡a258 p.
653 . ‡aOld Testament theology in outline
8524 . ‡bETS ‡bETS ‡cVolný výběr ‡j230.0411 ‡gE ‡p424470006611
910 . ‡aABG450
999 . ‡a6740 ‡bAUTOGEN ‡c6740 ‡tbiblio
905 . ‡uadmin
901 . ‡a35043 ‡b ‡c35043 ‡tbiblio ‡sets

Additional Resources